000 00484nam a2200181Ia 4500
008 221030s9999 xx 000 0 und d
020 _a8185015716
041 _aEnglish
082 _a105.23
_bSea
100 _aF. W. Sears
245 0 _aThermodynamics, Kinetic Theory & Statistcal thermodynamics
_cby F. W. Sears, G. L. Salinger
250 _a3rd
260 _bNarosa Pub. House
_aNew Delhi
_c1998
300 _a454
650 _aMechanical
700 _aG. L. Salinger
942 _cBK
999 _c78
_d78